00801 2200301 4500001002100000005001500021035002000036007000300056008004100059040001700100100001600117245006000133250001000193300003400203020002200237041000800259082000800267084001400275090001900289260003600308500002800344650001200372700003000384850001000414990002500424990002500449990002500474INLIS00000000000237720260602021448 a0010-0220000228ta260602 0  aSBPUPADbInd0 aRia Miranda1 aWork In Style /cRia Miranda; Penyunting, Ria Dahlianti aCet.1 avi, 98 hlm. :bilus. ;c26 cm a978-602-8453-89-907aInd a646 a646 RIA w a646 RIA w T5-3 aJakarta :bKriya Pustaka,c2013 aTentang Penulis, hlm 96 4aFashion0 aPenyunting, Ria Dahlianti aPUPAD a30.865/DPK/APBD/2019 a30.864/DPK/APBD/2019 a30.863/DPK/APBD/2019